| 000 | 00454nam a2200145Ia 4500 | ||
|---|---|---|---|
| 003 | OSt | ||
| 005 | 20260401110759.0 | ||
| 008 | 211028s2013 xx 000 0 und d | ||
| 040 | _cAIMIT LIBRARY | ||
| 041 | _aeng | ||
| 100 |
_aPelvino, D'Costa Vicky;Kairanna, Sneha. _g1116034 _96981 |
||
| 245 | _aStudy on customer satisfaction regarding service provided by mandovi motors management / | ||
| 260 |
_aMangalore _bSneha Kairanna _c2013 |
||
| 942 |
_2ddc _cPRO |
||
| 999 |
_c218551 _d218551 |
||